[Event "5.Oldie Turnier"]
[Site "Klingenberg am Main"]
[Date "2009.04.18"]
[Round "4"]
[White "Kishon Chesster, Fidelity"]
[Black "Miami 24 MHz, Mephisto"]
[Result "0-1"]
[WhiteElo "1873"]
[BlackElo "2100"]
[PlyCount "182"]
[EventDate "2009.04.18"]
[EventType "team-tourn"]
[EventCountry "GER"]

1. e4 e5 2. Nf3 Nc6 3. Bb5 f5 4. Nc3 fxe4 5. Nxe4 d5 6. Nxe5 dxe4 7. Nxc6 {
Chesster letzter Buchzug} Qg5 {Miami letzter Buchzug} 8. Nd4+ c6 9. Bf1 Bc5 10.
Nb3 Bd6 11. d3 Qh4 12. g3 Qe7 13. Be3 Nf6 14. dxe4 Qxe4 15. Rg1 Ng4 16. Qd4 Qe7
17. O-O-O Be5 18. Qc5 Qf6 19. c3 b6 20. Qc4 Nxe3 21. fxe3 Bb7 22. Bh3 Rd8 23.
Rxd8+ Qxd8 24. Rd1 Qf6 25. Bd7+ Ke7 26. Qa4 a5 27. Qg4 Rd8 28. Rd2 c5 29. Bb5
Bc8 30. Qh5 Qf5 31. Qh4+ Bf6 32. Qa4 Bg5 33. Nxa5 bxa5 34. Rxd8 Kxd8 35. Qxa5+
Ke7 36. Qc7+ Bd7 37. Kd2 Qf2+ 38. Kd1 Qf3+ 39. Kc2 Qe4+ 40. Bd3 Qg2+ 41. Kb1
Qh1+ 42. Kc2 Qxh2+ 43. Kb3 Ke8 44. Qe5+ Be7 45. Qb8+ Kf7 46. Qf4+ Bf6 47. Qc7
Ke8 48. Qxc5 Qxg3 49. Qh5+ Kd8 50. Qa5+ Ke7 51. Qc5+ Qd6 52. Qxd6+ Kxd6 53.
Bxh7 g5 54. a4 g4 55. Bd3 g3 56. Bf1 Bc6 57. Kb4 g2 58. Bxg2 Bxg2 59. Kc4 Bf1+
60. Kb4 Kd5 61. b3 Be7+ 62. Ka5 Bd3 63. Kb6 Bd8+ 64. Kb7 Bc2 65. a5 Bxa5 66. b4
Bd8 67. b5 Kc5 68. Ka6 Bd3 69. c4 Bxc4 70. Kb7 Kxb5 71. Kc8 Bb6 72. Kd7 Bxe3
73. Ke7 Bd4 74. Kd6 Bg7 75. Kc7 Kc5 76. Kd7 Bd5 77. Ke7 Kc6 78. Ke8 Bf6 79. Kf8
Kd6 80. Ke8 Ke6 81. Kf8 Bb7 82. Kg8 Be4 83. Kf8 Bf3 84. Kg8 Be5 85. Kf8 Bh5 86.
Kg8 Kf6 87. Kf8 Bd6+ 88. Kg8 Kg6 89. Kh8 Kf7 90. Kh7 Bg6+ 91. Kh6 Bf4# {Black
mates} 0-1

[Event "5.Oldie Turnier"]
[Site "Klingenberg am Main"]
[Date "2009.04.18"]
[Round "4"]
[White "MM II, Mephisto"]
[Black "Citrine, Novag"]
[Result "0-1"]
[WhiteElo "1846"]
[BlackElo "2049"]
[PlyCount "144"]
[EventDate "2009.04.18"]
[EventType "team-tourn"]
[EventCountry "GER"]

1. e4 c5 2. Nc3 e6 3. Nf3 Nc6 4. Bb5 Nf6 5. Bxc6 dxc6 6. O-O Be7 7. d3 O-O 8.
a4 b6 9. b3 Qc7 10. Bb2 Rd8 11. e5 Ng4 12. Ne4 Bb7 13. a5 b5 14. a6 Bc8 15. Qd2
Rb8 16. c4 bxc4 17. bxc4 Rb3 18. Bc3 Qb8 19. Qd1 f6 20. Nfd2 Rxc3 21. Nxc3 Nxe5
22. Rb1 Qc7 23. Qe2 Rxd3 24. Nce4 Ra3 25. Qh5 Nd7 26. Ng3 Ra2 27. Rfd1 Bxa6 28.
Qe8+ Nf8 29. Ra1 Rxa1 30. Rxa1 Bc8 31. Nb3 Bd6 32. Qh5 Bxg3 33. hxg3 Qb6 34.
Rb1 e5 35. Qf3 Ne6 36. Nd2 Nd4 37. Qa3 Qc7 38. Qxc5 Bf5 39. Ra1 Qd8 40. Re1 Qd7
41. Qb4 Nc2 42. Qb8+ Kf7 43. Rd1 Bg4 44. f3 Ne3 45. Re1 Nc2 46. Re2 Bf5 47. Qh8
Qd4+ 48. Kh2 Bd3 49. Re4 Bxe4 50. Nxe4 Ne3 51. Qxh7 Nf1+ 52. Kh1 Qd1 53. Qh5+
Ke7 54. Qg6 Nxg3+ 55. Kh2 Nf1+ 56. Kh3 Qd7+ 57. g4 Kf8 58. c5 Nd2 59. Nxd2 Qxd2
60. Qe4 Qd5 61. Qe3 a5 62. Kg2 Qd4 63. Qa3 a4 64. Kg3 g6 65. Kh3 Kf7 66. Kg3
Ke7 67. Kh4 Kf7 68. Kg3 Qf4+ 69. Kf2 Ke6 70. Ke2 e4 71. fxe4 Qxg4+ 72. Kd2 Qxe4
0-1

[Event "5.Oldie Turnier"]
[Site "Klingenberg am Main"]
[Date "2009.04.18"]
[Round "4"]
[White "MM V + HG 550, Mephisto"]
[Black "Amsterdam, Mephisto"]
[Result "0-1"]
[WhiteElo "1974"]
[BlackElo "1943"]
[PlyCount "98"]
[EventDate "2009.04.18"]
[EventType "team-tourn"]
[EventCountry "GER"]

1. e4 e6 2. d4 d5 3. e5 c5 4. c3 Nc6 5. Nf3 Qb6 6. Be2 cxd4 7. cxd4 Nh6 8. Nc3
Nf5 9. Bb5 Bd7 10. Bxc6 Qxc6 11. O-O Be7 12. Bg5 Bxg5 13. Nxg5 Qb6 14. Nf3 Qxb2
15. Qc1 Qxc1 16. Rfxc1 O-O 17. g4 Nh6 18. Rab1 Bc6 19. h3 f6 20. Nb5 fxe5 21.
Nxe5 Bxb5 22. Rxb5 b6 23. Rc7 Nf7 24. Nc6 Ng5 25. Ne7+ Kh8 26. Kg2 Rf7 27. h4
Nf3 28. Ng6+ Kg8 29. Ne7+ Kf8 30. Ng6+ hxg6 31. Rxf7+ Kxf7 32. Kxf3 Rh8 33. Kg3
Rc8 34. Rb3 Rc2 35. Rf3+ Ke7 36. Ra3 a5 37. f4 Rd2 38. Ra4 Rd3+ 39. Kg2 Kf6 40.
a3 Re3 41. Kf2 Rh3 42. Kg2 Rxh4 43. Kf3 Rh3+ 44. Kf2 Rh8 45. g5+ Kf5 46. Kf3
Ra8 47. Kg3 b5 48. Kf3 bxa4 49. Ke3 Rb8 0-1

[Event "5.Oldie Turnier"]
[Site "Klingenberg am Main"]
[Date "2009.04.18"]
[Round "4"]
[White "Polgar 25 MHz, Mephisto"]
[Black "Brute Force, Saitek"]
[Result "0-1"]
[WhiteElo "2127"]
[BlackElo "2062"]
[PlyCount "104"]
[EventDate "2009.04.18"]
[EventType "team-tourn"]
[EventCountry "GER"]

1. e4 c5 2. c3 e6 3. d4 d5 4. exd5 exd5 5. Nf3 Nc6 6. Be2 cxd4 7. Nxd4 Bd6 8.
Nb5 Be5 9. f4 Bb8 10. O-O Nf6 11. Be3 O-O 12. N1a3 Re8 13. Nc2 Bf5 14. Nbd4 Be4
15. Bb5 Qb6 16. Qe2 a6 17. Nxc6 Qxb5 18. Qxb5 axb5 19. N6b4 Bxc2 20. Nxc2 Rxe3
21. Nxe3 Ba7 22. Kf2 Ng4+ 23. Kf3 Nxe3 24. Rf2 d4 25. Re1 Nc4 26. Rfe2 Kf8 27.
Rd1 dxc3 28. bxc3 Bb6 29. Rb1 Rd8 30. Rc1 f5 31. g3 Rd3+ 32. Kg2 Ne3+ 33. Kh1
Nd5 34. Re6 Kf7 35. Rce1 Bf2 36. R1e5 Bc5 37. Re1 b6 38. R6e5 g6 39. R5e2 Nxc3
40. Rb2 Ba3 41. Rc2 Nd5 42. Ra1 h5 43. Re2 h4 44. Rg2 Bc5 45. Re1 Rf3 46. Rb1
Kf6 47. Rd1 Ne3 48. Rd3 Rf1+ 49. Rg1 Rf2 50. gxh4 Ng4 51. Rxg4 fxg4 52. h3 Kf5
0-1

[Event "5.Oldie Turnier"]
[Site "Klingenberg am Main"]
[Date "2009.04.18"]
[Round "4"]
[White "Scorpio 68000, Novag"]
[Black "Milano, Mephisto"]
[Result "1/2-1/2"]
[WhiteElo "2059"]
[BlackElo "2022"]
[PlyCount "102"]
[EventDate "2009.04.18"]
[EventType "team-tourn"]
[EventCountry "GER"]

1. c4 e5 2. Nc3 Nf6 3. Nf3 Nc6 4. g3 d5 5. cxd5 Nxd5 6. d3 Bb4 7. Bd2 Be6 8.
Bg2 O-O 9. O-O f6 10. a3 Nxc3 11. bxc3 Bc5 12. Qc2 Qd6 13. Rfb1 b6 14. a4 Rad8
15. Rb2 a6 16. Re1 Bd5 17. Rd1 h6 18. e4 Be6 19. Be3 Bxe3 20. fxe3 Bg4 21. h3
Bh5 22. Kh2 a5 23. d4 Qa3 24. Rf1 Bf7 25. Rf2 Kh8 26. Nh4 Kh7 27. Nf5 g6 28.
Nh4 Qd6 29. Qe2 Rfe8 30. Qf3 Kg7 31. Qg4 Qd7 32. Qf3 Qe7 33. d5 Nb8 34. Qg4 Qd7
35. Qf3 Qd6 36. Qg4 Kh7 37. Nf3 Nd7 38. Bf1 Qc5 39. Bb5 Re7 40. Rbe2 Qxc3 41.
Nh4 Qb4 42. Bxd7 h5 43. Qf3 Rdxd7 44. Ra2 Rd6 45. Rfb2 Qe1 46. Ng2 Qc1 47. Rc2
Qb1 48. Rab2 Qa1 49. Ra2 Qb1 50. Rab2 Qa1 51. Ra2 Qb1 1/2-1/2

[Event "5.Oldie Turnier"]
[Site "Klingenberg am Main"]
[Date "2009.04.18"]
[Round "4"]
[White "Turquoise, Novag"]
[Black "D+ 8 MHz, Saitek"]
[Result "1-0"]
[WhiteElo "2021"]
[BlackElo "2034"]
[PlyCount "57"]
[EventDate "2009.04.18"]
[EventType "team-tourn"]
[EventCountry "GER"]

1. e4 c6 2. d4 d5 3. exd5 cxd5 4. c4 Nf6 5. Nc3 e6 6. Nf3 Be7 7. cxd5 Nxd5 8.
Bd3 O-O 9. O-O Nc6 10. Nxd5 Qxd5 11. Re1 Bb4 12. Re2 Rd8 13. Be4 Qb5 14. Bf4
Qb6 15. Rc2 Ba5 16. Rac1 Bd7 17. d5 exd5 18. Qxd5 Be6 19. Qh5 g6 20. Qh6 f6 21.
Bxg6 hxg6 22. Qxg6+ Kf8 23. Qxf6+ Bf7 24. Bh6+ Ke8 25. Re2+ Kd7 26. Qf5+ Kd6
27. Bf4+ Ne5 28. Qxe5+ Kd7 29. Qe7# 1-0

[Event "5.Oldie Turnier"]
[Site "Klingenberg am Main"]
[Date "2009.04.18"]
[Round "5"]
[White "Amsterdam, Mephisto"]
[Black "Miami 24 MHz, Mephisto"]
[Result "0-1"]
[WhiteElo "1943"]
[BlackElo "2100"]
[PlyCount "86"]
[EventDate "2009.04.18"]
[EventType "team-tourn"]
[EventCountry "GER"]

1. d4 Nf6 2. Nf3 e6 3. c4 b6 4. Nc3 Bb7 5. Bg5 {Amsterdam letzter Buchzug} Be7
6. e3 Ne4 7. Bxe7 Qxe7 {Miami letzter Buchzug} 8. Bd3 Nxc3 9. bxc3 Qf6 10. O-O
Bxf3 11. gxf3 O-O 12. f4 a6 13. Be4 Ra7 14. Qg4 h6 15. Rfb1 Nc6 16. Qg2 Na5 17.
Rb4 c5 18. Rxb6 Nxc4 19. Rb7 Rxb7 20. Bxb7 cxd4 21. cxd4 a5 22. Ba6 d5 23. Bxc4
dxc4 24. Rb1 c3 25. Rb5 c2 26. Rc5 Rb8 27. Qc6 Qg6+ 28. Kf1 Rb2 29. Qc8+ Kh7
30. a4 Qg4 31. Rxc2 Qd1+ 32. Kg2 Rxc2 33. Qxc2+ Qxc2 34. h4 Qxa4 35. Kg3 Qd1
36. f5 exf5 37. Kg2 a4 38. Kg3 Qg4+ 39. Kh2 a3 40. d5 a2 41. f3 Qxh4+ 42. Kg2
a1=Q 43. d6 Qah1# {Black mates} 0-1

[Event "5.Oldie Turnier"]
[Site "Klingenberg am Main"]
[Date "2009.04.18"]
[Round "5"]
[White "Brute Force, Saitek"]
[Black "Super Expert B 6 MHz, Novag"]
[Result "0-1"]
[WhiteElo "2062"]
[BlackElo "2035"]
[PlyCount "142"]
[EventDate "2009.04.18"]
[EventType "team-tourn"]
[EventCountry "GER"]

1. c4 Nf6 2. d4 e6 3. g3 d5 4. Bg2 Be7 5. Nf3 O-O 6. O-O Nbd7 7. Qc2 c6 8. b3
b6 9. Bg5 Ba6 10. Nbd2 Rc8 11. Rac1 Ng4 12. Bxe7 Qxe7 13. e4 Rfe8 14. Rfe1 dxe4
15. Nxe4 Ngf6 16. Nxf6+ Nxf6 17. Ne5 c5 18. Rcd1 cxd4 19. Rxd4 Qc7 20. b4 Red8
21. Rxd8+ Rxd8 22. c5 bxc5 23. bxc5 Qa5 24. Rb1 Qc7 25. Qc3 Nd5 26. Qd4 f6 27.
Qa4 Nc3 28. Qxa6 Nxb1 29. Nd3 Qc8 30. Bb7 Qd7 31. Nb4 Qd1+ 32. Kg2 Qe1 33. Nc2
Qe5 34. Qxa7 Qe2 35. Nb4 Nd2 36. Qa6 Nc4 37. Bf3 Ne3+ 38. Kh3 Qxf2 39. Qe2 Qxe2
40. Bxe2 Kf7 41. c6 Ke7 42. a3 Kd6 43. a4 Ra8 44. Bb5 g5 45. g4 h5 46. gxh5 Rh8
47. Be2 f5 48. Kg3 f4+ 49. Kf2 e5 50. h3 e4 51. a5 Rh7 52. Bg4 Nxg4+ 53. hxg4
Rh8 54. Ke2 Kc5 55. Na2 Kxc6 56. Nc3 e3 57. Ne4 Rg8 58. h6 Rh8 59. Nxg5 Rxh6
60. Kf3 Rh2 61. Ke4 e2 62. Nf3 Rf2 63. Nd4+ Kd6 64. Nxe2 Rxe2+ 65. Kxf4 Ra2 66.
Kf5 Rxa5+ 67. Kf6 Ra1 68. g5 Rf1+ 69. Kg7 Ke6 70. Kh7 Rg1 71. Kg6 Rg2 0-1

[Event "5.Oldie Turnier"]
[Site "Klingenberg am Main"]
[Date "2009.04.18"]
[Round "5"]
[White "Champion 2250XL, RadioShack"]
[Black "Polgar 25 MHz, Mephisto"]
[Result "0-1"]
[WhiteElo "2118"]
[BlackElo "2127"]
[PlyCount "80"]
[EventDate "2009.04.18"]
[EventType "team-tourn"]
[EventCountry "GER"]

1. Nf3 d5 2. d4 c6 3. c4 Nf6 4. cxd5 cxd5 5. Nc3 Nc6 6. Bf4 Bf5 7. e3 e6 8. Bb5
Nd7 9. Qa4 Rc8 10. Bxc6 Rxc6 11. Qxa7 Qc8 12. Qa5 Ra6 13. Qb5 Rb6 14. Qe2 Ba3
15. Nb5 Bb4+ 16. Kd1 O-O 17. Rc1 Rc6 18. Rxc6 Qxc6 19. Nh4 Rc8 20. Nc3 Bxc3 21.
Nxf5 Bb4 22. e4 exf5 23. exf5 Bc5 24. dxc5 Qa4+ 25. Qc2 Qxf4 26. Re1 h6 27. Re7
Nxc5 28. h3 Qg5 29. f6 Qxg2 30. fxg7 Qxh3 31. Qc3 Qxc3 32. bxc3 Kxg7 33. f3 Na4
34. c4 dxc4 35. Rxb7 Nc3+ 36. Kc2 Nxa2 37. Rb2 Re8 38. Rxa2 Re2+ 39. Kb1 Rxa2
40. Kxa2 h5 0-1

[Event "5.Oldie Turnier"]
[Site "Klingenberg am Main"]
[Date "2009.04.18"]
[Round "5"]
[White "Citrine, Novag"]
[Black "MM V + HG 550, Mephisto"]
[Result "1-0"]
[WhiteElo "2049"]
[BlackElo "1974"]
[PlyCount "163"]
[EventDate "2009.04.18"]
[EventType "team-tourn"]
[EventCountry "GER"]

1. f4 d5 2. Nf3 g6 3. g3 Bg7 4. Bg2 Nf6 5. O-O O-O 6. d3 c5 7. c3 Na6 8. Nbd2
Ng4 9. Nb3 Bf5 10. Nh4 Be6 11. e4 dxe4 12. Bxe4 Qd7 13. Na5 Rab8 14. Qf3 b5 15.
Nc6 Rbe8 16. f5 gxf5 17. Nxf5 Nf6 18. Ncxe7+ Rxe7 19. Nxe7+ Kh8 20. Bb7 Qxe7
21. Bg5 Nc7 22. Qxf6 Bxf6 23. Bxf6+ Qxf6 24. Rxf6 Kg7 25. Rf3 Bg4 26. Re3 Rb8
27. Bg2 Ne6 28. Rf1 a5 29. h3 Bh5 30. Kf2 Bg6 31. Bc6 Rb6 32. Bd7 Nf8 33. Bg4
Rd6 34. Ke2 Ne6 35. Bf3 f5 36. Bg2 Kf6 37. Kd2 Bf7 38. Be4 Bg6 39. Re2 Kg5 40.
Bf3 Kf6 41. Bb7 f4 42. Rf3 Bh5 43. g4 Bg6 44. Bc8 Ng7 45. Rxf4+ Kg5 46. Rf3 Kh4
47. Re7 Ne8 48. Bf5 Nf6 49. Kc2 Nd5 50. Re5 c4 51. Be4 Nc7 52. dxc4 bxc4 53.
Bxg6 hxg6 54. Rxa5 Ne6 55. Ra8 Kg5 56. Ra7 Rc6 57. Ra8 Rd6 58. a3 Nc5 59. Rc8
Rd5 60. Rf7 Nd3 61. Rxc4 Ne5 62. Rcf4 Nxf7 63. Rxf7 Kh4 64. c4 Rc5 65. Rh7+ Kg5
66. Kd3 Rc6 67. Rf7 Kh4 68. Rh7+ Kg5 69. b3 Kf4 70. Re7 Ra6 71. a4 Kg3 72. Re3+
Kf4 73. c5 Kg5 74. Rf3 Ra8 75. Kd4 Rd8+ 76. Ke5 Rd7 77. c6 Ra7 78. Kd6 Ra8 79.
c7 Kh4 80. Rc3 Ra6+ 81. Ke5 Ra5+ 82. Ke4 1-0

[Event "5.Oldie Turnier"]
[Site "Klingenberg am Main"]
[Date "2009.04.18"]
[Round "5"]
[White "D+ 8 MHz, Saitek"]
[Black "MM II, Mephisto"]
[Result "1-0"]
[WhiteElo "2034"]
[BlackElo "1846"]
[PlyCount "87"]
[EventDate "2009.04.18"]
[EventType "team-tourn"]
[EventCountry "GER"]

1. Nf3 d5 2. d4 c6 3. c4 Nf6 4. e3 Bf5 5. Nc3 Nbd7 6. Bd3 Bxd3 7. Qxd3 e6 8.
cxd5 exd5 9. O-O Be7 10. Bd2 O-O 11. Rfe1 Nb6 12. e4 dxe4 13. Nxe4 Nbd5 14. Nc5
Qb6 15. Na4 Qc7 16. Nc5 b6 17. Na6 Qd6 18. Rac1 Rfc8 19. Ne5 Nd7 20. Qf5 Nxe5
21. dxe5 Qg6 22. Qxg6 hxg6 23. e6 f5 24. Red1 Kf8 25. Bb4 c5 26. Bc3 Nf4 27.
Rd2 b5 28. a4 b4 29. Be5 Nxe6 30. Rd7 Rd8 31. Rb7 Rd2 32. Re1 Bh4 33. g3 Ng5
34. Kg2 Nf7 35. gxh4 Nxe5 36. Rxe5 Rxb2 37. Nxc5 Kg8 38. Ree7 Kh8 39. Rxg7
Rxf2+ 40. Kxf2 Rc8 41. Rh7+ Kg8 42. Rbg7+ Kf8 43. Ne6+ Ke8 44. Re7# 1-0

[Event "5.Oldie Turnier"]
[Site "Klingenberg am Main"]
[Date "2009.04.18"]
[Round "5"]
[White "Designer 2325, Fidelity"]
[Black "Dallas 68020, Mephisto"]
[Result "0-1"]
[WhiteElo "2156"]
[BlackElo "2093"]
[PlyCount "93"]
[EventDate "2009.04.18"]
[EventType "team-tourn"]
[EventCountry "GER"]

1. d4 d5 2. c4 e6 3. Nc3 Be7 4. cxd5 exd5 5. Bf4 Nf6 6. e3 O-O 7. Bd3 c5 8. Nf3
c4 9. Bc2 Nc6 10. O-O Bd6 11. Bxd6 Qxd6 12. Qd2 a6 13. b3 b5 14. bxc4 bxc4 15.
Rab1 Bg4 16. e4 dxe4 17. Nxe4 Nxe4 18. Bxe4 Bxf3 19. Bxf3 Nxd4 20. Kh1 Rad8 21.
Bb7 Qc7 22. Qg5 Ne6 23. Qc1 a5 24. Ba6 c3 25. Rb3 c2 26. Bd3 Nd4 27. Rb2 Rc8
28. Ba6 Rb8 29. Rxb8 Rxb8 30. Bd3 Rb1 31. Qe3 Rxf1+ 32. Bxf1 h6 33. Qc1 g5 34.
Bd3 Qf4 35. Qxf4 gxf4 36. Bxc2 Nxc2 37. a4 Nb4 38. Kg1 Nd5 39. Kf1 Nc3 40. Ke1
f5 41. Kd2 Nxa4 42. Kd3 Nb2+ 43. Kc2 Nc4 44. Kb3 Nb6 45. Ka3 Kf7 46. Kb3 Ke6
47. Ka3 0-1

[Event "5.Oldie Turnier"]
[Site "Klingenberg am Main"]
[Date "2009.04.18"]
[Round "5"]
[White "Explorer Pro, Mephisto"]
[Black "Diamond, Novag"]
[Result "0-1"]
[WhiteElo "2048"]
[BlackElo "2159"]
[PlyCount "86"]
[EventDate "2009.04.18"]
[EventType "team-tourn"]
[EventCountry "GER"]

1. c4 c5 2. Nc3 Nc6 3. Nf3 Nf6 4. d4 cxd4 5. Nxd4 e6 6. Ndb5 d5 7. Bf4 e5 8.
cxd5 exf4 9. dxc6 bxc6 10. Qxd8+ Kxd8 11. Rd1+ Bd7 12. Nd4 Kc7 13. Rd3 Rd8 14.
Rg1 Bc5 15. Na4 Bb4+ 16. Nc3 Bc8 17. Nc2 Rxd3 18. exd3 Bxc3+ 19. bxc3 Re8+ 20.
Kd2 c5 21. Be2 c4 22. Nd4 cxd3 23. Bxd3 Ne4+ 24. Bxe4 Rxe4 25. Nb5+ Kd7 26.
Nxa7 Ba6 27. Kc2 Re2+ 28. Kb3 Rxf2 29. g3 f3 30. Rd1+ Kc7 31. c4 Rxh2 32. Rf1
f2 33. Nb5+ Bxb5 34. cxb5 f5 35. Kb4 g5 36. a4 g4 37. a5 f4 38. gxf4 g3 39.
Rc1+ Kb8 40. Rf1 Rh4 41. Rd1 Rxf4+ 42. Kc5 f1=Q 43. Rxf1 Rxf1 0-1

[Event "5.Oldie Turnier"]
[Site "Klingenberg am Main"]
[Date "2009.04.18"]
[Round "5"]
[White "Milano, Mephisto"]
[Black "Turquoise, Novag"]
[Result "0-1"]
[WhiteElo "2022"]
[BlackElo "2021"]
[PlyCount "143"]
[EventDate "2009.04.18"]
[EventType "team-tourn"]
[EventCountry "GER"]

1. e4 e5 2. Nf3 Nc6 3. Bb5 a6 4. Ba4 Nf6 5. d4 exd4 6. O-O Be7 7. e5 Ne4 8.
Nxd4 O-O 9. Nf5 d5 10. Bxc6 bxc6 11. Nxe7+ Qxe7 12. Re1 Bf5 13. f3 Nc5 14. Nc3
Rab8 15. a3 Ne6 16. b4 a5 17. Na2 f6 18. Bb2 axb4 19. axb4 fxe5 20. Bxe5 Qh4
21. Qd2 Ra8 22. Qc3 Ra6 23. Bg3 Qd4+ 24. Qxd4 Nxd4 25. Nc3 Rxa1 26. Rxa1 Nxc2
27. Rd1 Nxb4 28. Bxc7 Re8 29. Bb6 Ra8 30. g4 Bc2 31. Rd2 Kf7 32. Kg2 Re8 33. f4
Nd3 34. Kf3 Ne1+ 35. Kf2 Bb3 36. h4 Bc4 37. Kg3 Nd3 38. Na4 Re4 39. Nc3 Re1 40.
Na4 Rf1 41. Be3 Rb1 42. Kf3 Ne1+ 43. Kf2 Rb3 44. Nc5 Nd3+ 45. Rxd3 Rxd3 46.
Nxd3 Bxd3 47. Bc5 Bc2 48. h5 Ke6 49. f5+ Ke5 50. Ke3 Kf6 51. h6 gxh6 52. Kf4
Bd1 53. Bb6 h5 54. g5+ Ke7 55. Bc5+ Kf7 56. Bf2 Bc2 57. Ke5 Bd3 58. Kf4 Bf1 59.
Ke5 Be2 60. Kd6 Bb5 61. Ke5 Kg7 62. Ke6 Kg8 63. f6 d4 64. Bxd4 Bc4+ 65. Ke7 h4
66. Bf2 h3 67. Bg3 Bf7 68. Bf4 c5 69. Bg3 c4 70. Be5 c3 71. Bxc3 h2 72. Bd4 0-1

[Event "5.Oldie Turnier"]
[Site "Klingenberg am Main"]
[Date "2009.04.18"]
[Round "5"]
[White "Monte Carlo IV LE, Mephisto"]
[Black "Academy, Mephisto"]
[Result "1/2-1/2"]
[WhiteElo "2006"]
[BlackElo "2023"]
[PlyCount "176"]
[EventDate "2009.04.18"]
[EventType "team-tourn"]
[EventCountry "GER"]

1. c4 e5 2. Nc3 Nf6 3. Nf3 Nc6 4. g3 d5 5. cxd5 Nxd5 6. Bg2 Nb6 7. O-O Be7 8.
a3 a5 9. d3 O-O 10. Be3 Be6 11. Rc1 Nd5 12. Nxd5 Bxd5 13. Qa4 Bd6 14. Bd2 Qe8
15. e4 Be6 16. Qb5 Ra6 17. Be3 Bc8 18. Rfd1 f6 19. d4 exd4 20. Bxd4 Qxe4 21.
Ng5 Nxd4 22. Qc4+ Be6 23. Nxe6 Ne2+ 24. Kf1 Qxc4 25. Rxc4 Re8 26. Re4 Kf7 27.
Bh3 Nxg3+ 28. fxg3 Rb6 29. Rd2 Re7 30. Nd8+ Ke8 31. Rxe7+ Kxe7 32. Ne6 Kf7 33.
Kf2 Kg6 34. Ke3 Be5 35. Nf4+ Kg5 36. Nd3 Bd6 37. Rf2 g6 38. Bg2 f5 39. Kd4 Be7
40. Re2 Bf6+ 41. Kc4 a4 42. Bf3 Rb3 43. Rd2 b5+ 44. Kc5 Bxb2 45. Nxb2 Rxf3 46.
Nd3 h5 47. Kxb5 Kf6 48. Kxa4 h4 49. gxh4 Rh3 50. Kb5 Rxh4 51. Rc2 Rh3 52. Rc6+
Ke7 53. Rxc7+ Kd8 54. Nf4 Rb3+ 55. Ka4 Re3 56. Rb7 g5 57. Nd5 Rh3 58. Rg7 g4
59. Ne7 Rh4 60. Nxf5 g3+ 61. Ka5 gxh2 62. Rg8+ Kd7 63. Ng3 Rh3 64. Rg7+ Ke6 65.
a4 Rxg3 66. Rh7 Rg2 67. Ka6 Kd5 68. a5 Ra2 69. Rh6 Rb2 70. Ka7 Rg2 71. Rh4 Kc6
72. Rh8 Rg7+ 73. Ka6 Rg2 74. Rh6+ Kc5 75. Rh5+ Kc6 76. Rh8 Ra2 77. Rh3 Rg2 78.
Rh7 Rb2 79. Rh4 Rg2 80. Rh3 Kc5 81. Rh5+ Kc6 82. Rh4 Kd5 83. Ka7 Kc6 84. a6
Rg7+ 85. Kb8 Rg8+ 86. Ka7 Rg7+ 87. Kb8 Rg8+ 88. Ka7 Rg7+ 1/2-1/2

[Event "5.Oldie Turnier"]
[Site "Klingenberg am Main"]
[Date "2009.04.18"]
[Round "5"]
[White "Polgar, Mephisto"]
[Black "Lyon 68020, Mephisto"]
[Result "0-1"]
[WhiteElo "1984"]
[BlackElo "2140"]
[PlyCount "132"]
[EventDate "2009.04.18"]
[EventType "team-tourn"]
[EventCountry "GER"]

1. d4 d5 2. c4 dxc4 3. Nf3 Nf6 4. e3 e6 5. Bxc4 c5 6. O-O a6 7. a4 Nc6 8. Qe2
Qc7 9. Nc3 Bd6 10. Rd1 O-O 11. h3 h6 12. dxc5 Bxc5 13. e4 Nd7 14. Be3 b6 15.
Bxc5 Nxc5 16. Rab1 a5 17. Rd2 Qf4 18. g3 Qc7 19. Rbd1 Bb7 20. Rd6 Rad8 21. Nb5
Qe7 22. b3 Nb4 23. R1d4 Bc6 24. e5 Bxb5 25. axb5 Rxd6 26. exd6 Qf6 27. Ne5 Nd7
28. f4 Rd8 29. Rd1 Qf5 30. Nc6 Nxc6 31. bxc6 Qc5+ 32. Kh2 Qxc6 33. Bb5 Qc3 34.
f5 exf5 35. Bxd7 Rxd7 36. Rd3 Qc6 37. Qd1 Qe4 38. Rd4 Qe3 39. Qc2 Qxd4 40. Qc8+
Kh7 41. Qxd7 Qd2+ 42. Kg1 Qd3 43. Kf2 f4 44. gxf4 Qc2+ 45. Ke1 Qxb3 46. Qe7
Qg3+ 47. Kd1 Qd3+ 48. Ke1 Qc3+ 49. Ke2 Qb4 50. Kd3 Qc5 51. h4 b5 52. Qe4+ f5
53. Qe5 Qa3+ 54. Kc2 Qa4+ 55. Kb2 Qb4+ 56. Kc2 Qc4+ 57. Kb2 Qd3 58. Ka2 a4 59.
h5 b4 60. Ka1 Qd1+ 61. Kb2 a3+ 62. Ka2 Qc2+ 63. Ka1 b3 64. Qxf5+ Qxf5 65. d7
Qxd7 66. Kb1 Qd1# 0-1

[Event "5.Oldie Turnier"]
[Site "Klingenberg am Main"]
[Date "2009.04.18"]
[Round "5"]
[White "Sapphire II, Novag"]
[Black "Scorpio 68000, Novag"]
[Result "1/2-1/2"]
[WhiteElo "2138"]
[BlackElo "2059"]
[PlyCount "88"]
[EventDate "2009.04.18"]
[EventType "team-tourn"]
[EventCountry "GER"]

1. e4 d6 2. d4 Nf6 3. Nc3 g6 4. f4 Bg7 5. Nf3 Nc6 6. Bd3 O-O 7. O-O Bg4 8. e5
dxe5 9. dxe5 Nd5 10. h3 Nxc3 11. bxc3 Bf5 12. Bxf5 Qxd1 13. Rxd1 gxf5 14. Ba3
Rfd8 15. Nd4 e6 16. Nxc6 bxc6 17. Be7 Rd5 18. c4 Ra5 19. g3 Ra4 20. Rd7 Rxc4
21. Rad1 h5 22. R1d2 Ra4 23. a3 Rc8 24. Kg2 Kh7 25. c3 Kg6 26. R2d4 Rxd4 27.
cxd4 a6 28. Bb4 Bh6 29. Kf3 Bg7 30. Ke3 Bh8 31. Kf2 Kg7 32. Be7 a5 33. a4 Kg6
34. Bd8 c5 35. dxc5 c6 36. Bxa5 Ra8 37. Rd8 Rxa5 38. Rxh8 Rxc5 39. Ra8 f6 40.
exf6 Kxf6 41. a5 Rc2+ 42. Kf1 Ra2 43. a6 c5 44. a7 Kg7 1/2-1/2

[Event "5.Oldie Turnier"]
[Site "Klingenberg am Main"]
[Date "2009.04.18"]
[Round "5"]
[White "Star Ruby, Novag"]
[Black "Kishon Chesster, Fidelity"]
[Result "1-0"]
[WhiteElo "2036"]
[BlackElo "1873"]
[PlyCount "108"]
[EventDate "2009.04.18"]
[EventType "team-tourn"]
[EventCountry "GER"]

1. d4 Nf6 2. c4 g6 3. Nc3 d5 4. cxd5 Nxd5 5. e4 Nxc3 6. bxc3 Bg7 7. Bc4 O-O 8.
Ne2 c5 9. O-O Nc6 10. Be3 cxd4 11. cxd4 Bg4 12. f3 Na5 13. Bxf7+ Rxf7 14. fxg4
Rxf1+ 15. Qxf1 Nc4 16. Qc1 Rc8 17. Rb1 e5 18. d5 Nd6 19. Qd1 b6 20. Rb4 Qe7 21.
Qa4 Rc7 22. g5 Nf7 23. Rb1 Nd6 24. Rc1 b5 25. Rxc7 Qxc7 26. Qxa7 Qxa7 27. Bxa7
Nxe4 28. Be3 Bf8 29. Kf1 b4 30. h4 Bd6 31. Ke1 Nc3 32. Nxc3 bxc3 33. Kd1 Kf7
34. Kc2 Bb4 35. Kb3 Ba5 36. Bc5 Ke8 37. Bd6 e4 38. Bf4 Ke7 39. a4 Kd7 40. g4
Ke7 41. Kc2 Bb4 42. Be5 e3 43. Bxc3 Bc5 44. Be5 Bd6 45. Bf6+ Kd7 46. Kd3 Bf4
47. a5 Bc7 48. a6 Bb6 49. Be5 Ba7 50. Bf4 e2 51. Kxe2 Kc8 52. Be3 Bb8 53. a7
Bxa7 54. Bxa7 Kd7 1-0

[Event "5.Oldie Turnier"]
[Site "Klingenberg am Main"]
[Date "2009.04.18"]
[Round "6"]
[White "Academy, Mephisto"]
[Black "Scorpio 68000, Novag"]
[Result "0-1"]
[WhiteElo "2023"]
[BlackElo "2059"]
[PlyCount "74"]
[EventDate "2009.04.18"]
[EventType "team-tourn"]
[EventCountry "GER"]

1. e4 e5 2. Nf3 Nc6 3. Bb5 a6 4. Ba4 Nf6 5. O-O Nxe4 6. d4 b5 7. Bb3 d5 8. dxe5
Be6 9. Nbd2 Nc5 10. c3 Be7 11. Bc2 Bg4 12. Qe2 O-O 13. b4 Ne6 14. Bb2 Nf4 15.
Qe3 Bg5 16. Qc5 Ne2+ 17. Kh1 Bxd2 18. Qxc6 Bxf3 19. gxf3 Qh4 20. Rfd1 Qh3 21.
Rg1 Qxf3+ 22. Rg2 Nf4 23. Rag1 Nxg2 24. Rxg2 Rae8 25. Qxc7 Bf4 26. c4 dxc4 27.
Qc5 c3 28. e6 Rxe6 29. Qxc3 Qxc3 30. Bxc3 Rc8 31. Rxg7+ Kf8 32. Rxh7 Rxc3 33.
Bb3 Rg6 34. Rxf7+ Ke8 35. Rd7 Kxd7 36. Bd1 Rc1 37. a4 Rxd1# 0-1

[Event "5.Oldie Turnier"]
[Site "Klingenberg am Main"]
[Date "2009.04.18"]
[Round "6"]
[White "Citrine, Novag"]
[Black "Sapphire II, Novag"]
[Result "1-0"]
[WhiteElo "2049"]
[BlackElo "2138"]
[PlyCount "81"]
[EventDate "2009.04.18"]
[EventType "team-tourn"]
[EventCountry "GER"]

1. Nf3 Nf6 2. g3 g6 3. Bg2 Bg7 4. O-O O-O 5. d3 d6 6. e4 c5 7. h3 Nc6 8. Nc3
Nd4 9. Nxd4 cxd4 10. Ne2 Qb6 11. f4 Qc5 12. a3 Bd7 13. Bd2 Rfc8 14. Rf2 Qxc2
15. e5 dxe5 16. fxe5 Ne8 17. Bxb7 Qxb2 18. Bb4 a5 19. Nf4 Qxf2+ 20. Kxf2 axb4
21. e6 fxe6 22. Bxa8 Rxa8 23. axb4 Rc8 24. Ra7 Rc7 25. Rxc7 Nxc7 26. Qf3 Bf6
27. Qb7 Be5 28. Ne2 Kg7 29. Kg2 Bd6 30. Nxd4 e5 31. Nf3 Bb5 32. Qe4 Na6 33.
Nxe5 Nxb4 34. Kf3 Kf6 35. d4 Kg7 36. d5 Kf8 37. Qf4+ Ke8 38. Qf7+ Kd8 39. Ke4
Na2 40. Nc6+ Kc7 41. Nxe7 1-0